[Event "2016 British Chess Championships"]
[Site "Bournemouth Pavilions, Bournem"]
[Date "2016.08.03"]
[Round "9.35"]
[White "Talbot, Nathan L"]
[Black "Miller, Dominic"]
[Result "0-1"]
[WhiteElo "2108"]
[BlackElo "1783"]
[PlyCount "111"]
[EventDate "2016.07.25"]

1. Nf3 d5 2. g3 Nf6 3. Bg2 e6 4. O-O Be7 5. c4 O-O 6. b3 Nbd7 7. Bb2 b6 8. cxd5
exd5 9. Nd4 Bb7 10. Nf5 Re8 11. Nxe7+ Qxe7 12. Re1 Rad8 13. d3 Ne5 14. Nd2 Ba6
15. Nf3 Nfg4 16. h3 Nxf3+ 17. Bxf3 Ne5 18. Bg2 d4 19. a3 c5 20. b4 Bb7 21. Bxb7
Qxb7 22. Qb3 Qd7 23. Kg2 Re6 24. Bc1 Qc6+ 25. Kg1 Nf3+ 26. exf3 Rxe1+ 27. Kg2
Rde8 28. Bb2 Rxa1 29. Bxa1 Qe6 30. Qa4 Qe1 31. Qd7 g6 32. bxc5 bxc5 33. h4 Re2
34. Qd8+ Kg7 35. Bxd4+ cxd4 36. Qxd4+ Kg8 37. Qxa7 Re7 38. Qc5 Qe5 39. Qb6 Rd7
40. a4 Qd4 41. Qb8+ Rd8 42. Qc7 Ra8 43. a5 Qa7 44. Qc6 Qxa5 45. h5 Rd8 46. h6
Qd5 47. Qf6 Qd4 48. Qe7 Qxd3 49. Qf6 Qd4 50. Qe7 Qd6 51. Qe3 Qf6 52. f4 Qd4 53.
Qe7 Qd5+ 54. Kh2 Ra8 55. g4 Qd1 (55... Qd8 56. Qe4 Qh4+ 57. Kg2 Qxg4+ 58. Kh2
Qh4+ 59. Kg2 Rf8) 56. Qe4 0-1